[Event "Trieste op 08th"]
[Site "Trieste"]
[Date "2006.09.09"]
[Round "9"]
[White "Cadelli, Luciano"]
[Black "Skok, Joze"]
[Result "1-0"]
[WhiteElo "2088"]
[BlackElo "2110"]
[PlyCount "183"]
[EventDate "2006.09.02"]
[EventType "swiss"]
[EventRounds "9"]
[EventCountry "ITA"]
[SourceTitle "CBM 114 Extra"]
[Source "ChessBase"]
[SourceDate "2006.11.03"]
[SourceVersion "1"]
[SourceVersionDate "2006.11.03"]
[SourceQuality "1"]

1. d4 Nf6 2. c4 g6 3. Nc3 d5 4. cxd5 Nxd5 5. e4 Nxc3 6. bxc3 c5 7. Be3 Bg7 8. Bc4 Nc6 9. Ne2 cxd4 10. cxd4 Qa5+ 11. Qd2 Qxd2+ 12. Kxd2 0-0 13. Rhd1 Rd8 14. Ke1 Bd7 15. Rab1 Rac8 16. Bd3 b6 17. Ba6 Ra8 18. d5 Ne5 19. f4 Ng4 20. Bg1 Bc8 21. Bb5 Bb7 22. Nd4 Bxd4 23. Rxd4 Rac8 24. Kd2 Rc7 25. h3 Nf6 26. Bd3 Rdc8 27. Be3 Nd7 28. Rb2 Nc5 29. Bc2 Rd7 30. g4 f6 31. f5 g5 32. Bf2 Ba6 33. Bg3 Bf1 34. h4 gxh4 35. Bxh4 Kf7 36. Bd1 Rg8 37. Ke3 Bh3 38. Kf4 Bf1 39. Rh2 h6 40. Bg3 Kg7 41. Ke3 Ba6 42. Bf4 Rh8 43. Be2 Rdd8 44. Rd1 Rh7 45. Rdh1 Rdh8 46. Kd4 Nd7 47. Bd1 Bb7 48. Ba4 Nc5 49. Bd1 Nd7 50. Be2 a6 51. Bd3 Nc5 52. Bc4 Nd7 53. Be2 Nc5 54. Bf3 Nd7 55. Be2 Nc5 56. e5 Nd7 57. e6 Nc5 58. Rc1 Rc8 59. Bf3 Ba8 60. Re2 Rhh8 61. Rh2 Na4 62. Rhh1 b5 63. Rxc8 Rxc8 64. Rc1 Bb7 65. Rxc8 Bxc8 66. d6 exd6 67. Bxd6 Nb6 68. Bc6 Nc4 69. Bf4 Na5 70. Be8 Kf8 71. Bh5 Ke7 72. Bxh6 Bxe6 73. fxe6 Kxe6 74. Bg6 Nc6+ 75. Ke4 Nb4 76. Bf5+ Kf7 77. a3 Nc2 78. Bc1 a5 79. Kd3 Ne1+ 80. Ke2 Ng2 81. Kf2 Nh4 82. Kg3 Nxf5+ 83. gxf5 Ke7 84. Kf4 b4 85. axb4 axb4 86. Bb2 b3 87. Ke4 Kf7 88. Kd5 Ke7 89. Ba3+ Kd7 90. Bb2 Ke7 91. Kc6 Kf7 92. Kd7 1-0

[Event "Trieste op 08th"]
[Site "Trieste"]
[Date "2006.09.07"]
[Round "7"]
[White "Plani, Andrea"]
[Black "Cadelli, Luciano"]
[Result "1/2-1/2"]
[WhiteElo "1896"]
[BlackElo "2088"]
[PlyCount "50"]
[EventDate "2006.09.02"]
[EventType "swiss"]
[EventRounds "9"]
[EventCountry "ITA"]
[SourceTitle "CBM 114 Extra"]
[Source "ChessBase"]
[SourceDate "2006.11.03"]
[SourceVersion "1"]
[SourceVersionDate "2006.11.03"]
[SourceQuality "1"]

1. c4 c5 2. Nf3 Nf6 3. e3 e6 4. d4 d5 5. Nc3 Nc6 6. a3 a6 7. dxc5 Bxc5 8. b4 Be7 9. Bb2 dxc4 10. Bxc4 b5 11. Qxd8+ Bxd8 12. Bd3 0-0 13. Ne4 Bd7 14. 0-0 Nxe4 15. Bxe4 f5 16. Bc2 Bf6 17. Bxf6 gxf6 18. Rfd1 Ra7 19. Bb3 Kf7 20. Rac1 Ke7 21. Ne1 a5 22. Nd3 axb4 23. axb4 Rd8 24. h4 Be8 25. Nc5 Rxd1+ 1/2-1/2

[Event "Trieste op 08th"]
[Site "Trieste"]
[Date "2006.09.05"]
[Round "5"]
[White "Vitri, Sergio"]
[Black "Cadelli, Luciano"]
[Result "1-0"]
[WhiteElo "2105"]
[BlackElo "2088"]
[PlyCount "29"]
[EventDate "2006.09.02"]
[EventType "swiss"]
[EventRounds "9"]
[EventCountry "ITA"]
[SourceTitle "CBM 114 Extra"]
[Source "ChessBase"]
[SourceDate "2006.11.03"]
[SourceVersion "1"]
[SourceVersionDate "2006.11.03"]
[SourceQuality "1"]

1. d4 d5 2. c4 Nf6 3. cxd5 Nxd5 4. Nf3 e6 5. e4 Nf6 6. Nc3 c6 7. Bd3 Qb6 8. 0-0 Na6 9. Qe2 Nc7 10. a3 Qa5 11. Bf4 Na6 12. d5 Nh5 13. Be3 Nf6 14. dxc6 bxc6 15. b4 1-0

[Event "Cesenatico op 5th"]
[Site "Cesenatico"]
[Date "2000.09.04"]
[Round "2"]
[White "Cadelli, Luciano"]
[Black "Collutiis, Duilio"]
[Result "0-1"]
[WhiteElo "2113"]
[BlackElo "2286"]
[PlyCount "70"]
[EventDate "2000.09.03"]
[EventType "swiss"]
[EventRounds "9"]
[EventCountry "ITA"]
[SourceTitle "CBM 078 Extra"]
[Source "ChessBase"]
[SourceDate "2000.11.10"]
[SourceVersion "1"]
[SourceVersionDate "2000.11.10"]
[SourceQuality "1"]

1. d4 Nf6 2. c4 g6 3. Nc3 Bg7 4. e4 d6 5. Be2 0-0 6. Bg5 Na6 7. Qd2 c6 8. Bh6 e5 9. Bxg7 Kxg7 10. Nf3 Qe7 11. dxe5 dxe5 12. Rd1 Bg4 13. 0-0 Nc5 14. Qe3 Bxf3 15. Bxf3 Ne6 16. a3 a5 17. Ne2 Rfd8 18. g3 Qc5 19. Qxc5 Nxc5 20. Nc3 Nb3 21. Rfe1 Nd2 22. Be2 Ndxe4 23. Na4 Rd4 24. f3 Nd2 25. Nc5 b6 26. Na4 b5 27. cxb5 cxb5 28. Nc3 b4 29. Nb5 Rd7 30. Kf2 e4 31. Ke3 exf3 32. Bxf3 Rad8 33. Bc6 Nc4+ 34. Ke2 Rd2+ 35. Rxd2 Rxd2+ 0-1

[Event "Cesenatico op 4th"]
[Site "Cesenatico"]
[Date "1999.??.??"]
[Round "1"]
[White "Kamp, Christoph"]
[Black "Cadelli, Luciano"]
[Result "1-0"]
[WhiteElo "2325"]
[BlackElo "2116"]
[PlyCount "45"]
[EventDate "1999.??.??"]
[EventType "swiss"]
[EventRounds "9"]
[EventCountry "ITA"]
[SourceTitle "EXT 2000"]
[Source "ChessBase"]
[SourceDate "1999.11.16"]
[SourceVersion "1"]
[SourceVersionDate "1999.11.16"]
[SourceQuality "1"]

1. c4 c5 2. Nf3 Nf6 3. Nc3 Nc6 4. d4 cxd4 5. Nxd4 e6 6. g3 Be7 7. Bg2 0-0 8. 0-0 a6 9. b3 Qc7 10. Bb2 b6 11. Rc1 Bb7 12. Nd5 Qd8 13. Nxe7+ Qxe7 14. Qd2 Rfd8 15. Rfd1 Rac8 16. Qe3 Rb8 17. h3 Ba8 18. Bxc6 dxc6 19. Nf5 Qf8 20. Nh6+ Kh8 21. Rxd8 Rxd8 22. Qxb6 Qe7 23. Qxd8+ 1-0

[Event "Cesenatico op 3rd"]
[Site "Cesenatico"]
[Date "1998.??.??"]
[Round "7"]
[White "Cadelli, Luciano"]
[Black "Collutiis, Duilio"]
[Result "0-1"]
[WhiteElo "2125"]
[BlackElo "2185"]
[PlyCount "58"]
[EventDate "1998.??.??"]
[EventType "swiss"]
[EventRounds "9"]
[EventCountry "ITA"]
[SourceTitle "EXT 2000"]
[Source "ChessBase"]
[SourceDate "1999.11.16"]
[SourceVersion "1"]
[SourceVersionDate "1999.11.16"]
[SourceQuality "1"]

1. d4 Nf6 2. Nf3 e6 3. e3 b6 4. Bd3 Be7 5. 0-0 d6 6. Nbd2 Nbd7 7. b3 c5 8. Bb2 0-0 9. Qe2 a6 10. a4 Bb7 11. h3 Re8 12. Rad1 Qc7 13. c4 Bf8 14. Ng5 h6 15. f4 cxd4 16. exd4 e5 17. Nxf7 Kxf7 18. fxe5 dxe5 19. Bh7 Bd6 20. Rde1 exd4 21. Ne4 Rxe4 22. Bxe4 Bc5 23. Bd3 Qd6 24. Qh5+ Kg8 25. Qg6 Nf8 26. Qf5 Qg3 27. Rf2 Bxg2 28. Rxg2 Qxe1+ 29. Kh2 Bd6+ 0-1

[Event "Cesenatico op 3rd"]
[Site "Cesenatico"]
[Date "1998.??.??"]
[Round "1"]
[White "Naumkin, Igor"]
[Black "Cadelli, Luciano"]
[Result "1-0"]
[WhiteElo "2435"]
[BlackElo "2125"]
[PlyCount "33"]
[EventDate "1998.??.??"]
[EventType "swiss"]
[EventRounds "9"]
[EventCountry "ITA"]
[SourceTitle "EXT 2000"]
[Source "ChessBase"]
[SourceDate "1999.11.16"]
[SourceVersion "1"]
[SourceVersionDate "1999.11.16"]
[SourceQuality "1"]

1. d4 d5 2. c4 e6 3. Nc3 Nf6 4. Nf3 Be7 5. Bg5 Nbd7 6. e3 c6 7. Rc1 0-0 8. Bd3 dxc4 9. Bxc4 b5 10. Bb3 a6 11. 0-0 Bb7 12. Qe2 c5 13. Rfd1 cxd4 14. exd4 Nb6 15. Ne5 Rc8 16. a3 Re8 17. Nxf7 1-0